| 000 | 00842nam a22002057a 4500 | ||
|---|---|---|---|
| 003 | NUST-PNEC | ||
| 005 | 20170116180716.0 | ||
| 008 | 141020b xxu||||| |||| 00| 0 eng d | ||
| 022 | _aB0010VUBLG | ||
| 040 | _cPNEC | ||
| 082 | _a423 QUR | ||
| 100 |
_9704 _aQureshi, Bashir A. |
||
| 245 |
_aKitabistan's 20th century practical dictionary; (English into English & Urdu) for learners of the English language through the medium of Urdu. _cBashir A. Qureshi |
||
| 250 | _aRevised ed. | ||
| 260 |
_aLahore, _b Kitabistan Pub. Co. _c1971 |
||
| 300 |
_aviii, 792 pages _b illustrations; _c25 cm |
||
| 500 | _ahttp://www.amazon.com/Kitabistans-Practical-Dictionary-Learners-Language/dp/B0010VUBLG/ref=sr_1_2?s=books&ie=UTF8&qid=1413791682&sr=1-2&keywords=kITABISTAN%27S+20TH+CENTURY+PRACTICAL+DICTIONARY | ||
| 650 | _xGeneral | ||
| 942 |
_2ddc _cBK |
||
| 999 |
_c61168 _d61168 |
||